[Event "43. Open Ciutat de Badalona 2017"]
[Site "Badalona ESP"]
[Date "2017.08.02"]
[Round "1.1"]
[White "Grigoryan, Karen H."]
[Black "Gallastegui, Jon Ander"]
[Result "1-0"]
[WhiteElo "2570"]
[BlackElo "1691"]
[PlyCount "51"]
[EventDate "2017.08.02"]
[EventType "swiss"]
[EventRounds "9"]
[EventCountry "ESP"]
[SourceTitle "Ajedrez en Madrid"]
[Source "lmi"]
[SourceDate "2017.08.02"]
[SourceVersion "1"]
[SourceVersionDate "2018.07.18"]
[SourceQuality "1"]

1. e4 d6 2. d4 Nf6 3. Nc3 e5 4. Nf3 Nbd7 5. Bc4 Be7 6. O-O O-O 7. a4 c6 8. Re1
Qc7 9. b3 b6 10. Ba3 Bb7 11. Bd3 Rfe8 12. Qd2 Nf8 13. a5 Rad8 14. a6 exd4 15.
Ne2 Bc8 16. Nexd4 Ng6 17. Qc3 Bd7 18. Bb2 Nh5 19. b4 Bf6 20. Qb3 Nhf4 21. Bc4
d5 22. exd5 Nxd5 23. b5 Ne5 24. bxc6 Nxf3+ 25. Qxf3 Bxd4 26. cxd7 1-0

[Event "43. Open Ciutat de Badalona 2017"]
[Site "Badalona ESP"]
[Date "2017.08.02"]
[Round "1.2"]
[White "Anuj, Shrivatri"]
[Black "Ortiz Suarez, Isan Reynaldo"]
[Result "0-1"]
[WhiteElo "2209"]
[BlackElo "2556"]
[PlyCount "70"]
[EventDate "2017.08.02"]
[EventType "swiss"]
[EventRounds "9"]
[EventCountry "ESP"]
[SourceTitle "Ajedrez en Madrid"]
[Source "lmi"]
[SourceDate "2017.08.02"]
[SourceVersion "1"]
[SourceVersionDate "2018.07.18"]
[SourceQuality "1"]

1. d4 Nf6 2. c4 c5 3. d5 a6 4. a4 e6 5. Nc3 exd5 6. cxd5 d6 7. Nf3 g6 8. Bg5
Bg7 9. e3 h6 10. Bh4 O-O 11. Nd2 Nbd7 12. Be2 Re8 13. O-O Rb8 14. Qc2 Ne5 15.
h3 Qc7 16. f4 Ned7 17. e4 c4 18. e5 dxe5 19. fxe5 Rxe5 20. Bg3 b5 21. axb5 axb5
22. Kh2 Qb6 23. Rab1 Nxd5 24. Nxd5 Rxd5 25. Bf3 Rg5 26. Bxb8 Qxb8+ 27. Kh1 Nc5
28. Rbe1 Bf5 29. Ne4 Qf4 30. Qd2 Qxd2 31. Nxd2 Be6 32. h4 Re5 33. Ne4 Nd3 34.
Re2 Nxb2 35. Rxb2 Rxe4 0-1

[Event "43. Open Ciutat de Badalona 2017"]
[Site "Badalona ESP"]
[Date "2017.08.02"]
[Round "1.3"]
[White "Peralta, Fernando"]
[Black "Piris Gonzalez, Asier"]
[Result "1-0"]
[WhiteElo "2540"]
[BlackElo "1660"]
[PlyCount "113"]
[EventDate "2017.08.02"]
[EventType "swiss"]
[EventRounds "9"]
[EventCountry "ESP"]
[SourceTitle "Ajedrez en Madrid"]
[Source "lmi"]
[SourceDate "2017.08.02"]
[SourceVersion "1"]
[SourceVersionDate "2018.07.18"]
[SourceQuality "1"]

1. Nf3 Nf6 2. c4 c5 3. Nc3 Nc6 4. e3 g6 5. d4 cxd4 6. exd4 d5 7. cxd5 Nxd5 8.
Qb3 Nxc3 9. Bc4 Nd5 10. Bxd5 e6 11. Bxc6+ bxc6 12. O-O Ba6 13. Bg5 Qb6 14. Rfc1
Qxb3 15. axb3 Bb5 16. Bf6 Rg8 17. Ne5 Be7 18. Bxe7 Kxe7 19. Nxc6+ Bxc6 20. Rxc6
Rgd8 21. Rc7+ Kf6 22. Ra4 Rac8 23. Rc3 a5 24. Kf1 Rb8 25. Ke2 Rd5 26. Kd3 e5
27. Ke4 Rxd4+ 28. Rxd4 exd4 29. Kxd4 Rb4+ 30. Kd3 Ke6 31. Kc2 Kd6 32. Rd3+ Ke5
33. Rd7 Ke6 34. Rc7 Re4 35. Kd2 Rb4 36. Rc5 a4 37. bxa4 Rxb2+ 38. Rc2 Rb1 39.
Ra2 Kd5 40. a5 Rb7 41. a6 Ra7 42. Kd3 h5 43. h4 f6 44. Ra5+ Kc6 45. Kc4 Kb6 46.
Ra2 Rc7+ 47. Kd5 Ka7 48. Ke6 Rc6+ 49. Kf7 g5 50. Kg6 gxh4 51. f4 Rc4 52. f5 Rc6
53. Kxh5 Rc5 54. Kg6 Rc6 55. Ra4 Rc2 56. Kxf6 Rxg2 57. Rxh4 1-0

[Event "43. Open Ciutat de Badalona 2017"]
[Site "Badalona ESP"]
[Date "2017.08.02"]
[Round "1.4"]
[White "Kleifges, Matthias"]
[Black "Krysa, Leandro"]
[Result "0-1"]
[WhiteElo "2108"]
[BlackElo "2537"]
[PlyCount "88"]
[EventDate "2017.08.02"]
[EventType "swiss"]
[EventRounds "9"]
[EventCountry "ESP"]
[SourceTitle "Ajedrez en Madrid"]
[Source "lmi"]
[SourceDate "2017.08.02"]
[SourceVersion "1"]
[SourceVersionDate "2018.07.18"]
[SourceQuality "1"]

1. e4 e5 2. f4 exf4 3. Nf3 Ne7 4. d4 d5 5. exd5 Nxd5 6. Bc4 Be7 7. O-O O-O 8.
Bxd5 Qxd5 9. Bxf4 c6 10. Nc3 Qa5 11. Qe1 Bb4 12. Bd2 Be6 13. a3 Bxc3 14. Bxc3
Qd5 15. Qg3 f6 16. Rfe1 Nd7 17. b3 Rfe8 18. Bb2 b5 19. Re2 a5 20. Rae1 a4 21.
b4 Bf7 22. Bc1 Nf8 23. Rxe8 Rxe8 24. Rxe8 Bxe8 25. Qb8 Bh5 26. Bf4 Bxf3 27.
gxf3 Kf7 28. Qa7+ Qd7 29. Qb6 Ng6 30. Bg3 Ne7 31. Qc5 Qd5 32. Qc3 Nf5 33. Bf2
Nd6 34. Qd3 Qg5+ 35. Kf1 Nc4 36. Ke2 h6 37. h4 Qg6 38. Qc3 Qf5 39. Bg3 g5 40.
hxg5 fxg5 41. Qd3 Ke6 42. Qe4+ Qxe4+ 43. fxe4 Nxa3 44. Kd3 Nc4 0-1

[Event "43. Open Ciutat de Badalona 2017"]
[Site "Badalona ESP"]
[Date "2017.08.02"]
[Round "1.5"]
[White "Albo Ruiz, Jose Martin"]
[Black "Smekens, Ruben"]
[Result "1-0"]
[WhiteElo "1884"]
[BlackElo "2108"]
[PlyCount "43"]
[EventDate "2017.08.02"]
[EventType "swiss"]
[EventRounds "9"]
[EventCountry "ESP"]
[SourceTitle "Ajedrez en Madrid"]
[Source "lmi"]
[SourceDate "2017.08.02"]
[SourceVersion "1"]
[SourceVersionDate "2018.07.18"]
[SourceQuality "1"]

1. e4 c6 2. d4 d5 3. Nc3 dxe4 4. Nxe4 Bf5 5. Ng3 Bg6 6. h4 h6 7. Nf3 Nd7 8. h5
Bh7 9. Bd3 Bxd3 10. Qxd3 e6 11. Bd2 Ngf6 12. O-O-O a5 13. Kb1 Bd6 14. Ne4 Nxe4
15. Qxe4 Nf6 16. Qe2 Qb6 17. Ne5 Qxd4 18. Nc4 Bf4 19. Rh4 Nd5 20. Nd6+ Kf8 21.
Bxf4 Nxf4 22. Qf3 1-0

[Event "43. Open Ciutat de Badalona 2017"]
[Site "Badalona ESP"]
[Date "2017.08.02"]
[Round "1.6"]
[White "De Herdt, Yasseen"]
[Black "Minguell Soler, Joan"]
[Result "0-1"]
[WhiteElo "2106"]
[BlackElo "1987"]
[PlyCount "82"]
[EventDate "2017.08.02"]
[EventType "swiss"]
[EventRounds "9"]
[EventCountry "ESP"]
[SourceTitle "Ajedrez en Madrid"]
[Source "lmi"]
[SourceDate "2017.08.02"]
[SourceVersion "1"]
[SourceVersionDate "2018.07.18"]
[SourceQuality "1"]

1. c4 e5 2. Nc3 Nf6 3. g3 d5 4. cxd5 Nxd5 5. Bg2 Nb6 6. Nf3 Nc6 7. d3 Be7 8.
O-O O-O 9. Bd2 Re8 10. Rc1 Bf8 11. Na4 Nd4 12. Nc5 c6 13. Re1 a5 14. e3 Nxf3+
15. Bxf3 Nd5 16. a3 Ra7 17. e4 Nc7 18. Be3 Nb5 19. Nb3 Ra8 20. a4 Nd4 21. Bxd4
exd4 22. Rc4 Be6 23. Rc1 Qb6 24. Nd2 Qxb2 25. Nc4 Qb4 26. e5 Rab8 27. Rb1 Qc5
28. Qd2 Bxc4 29. Rec1 Qxe5 30. Rxc4 Bb4 31. Qd1 g6 32. Qf1 Bc3 33. Qh3 Kg7 34.
Qf1 Qd6 35. h4 Re7 36. Qh3 h5 37. Kg2 f5 38. Qh1 Rf8 39. Qd1 f4 40. Be4 fxg3
41. fxg3 Rf6 0-1

[Event "43. Open Ciutat de Badalona 2017"]
[Site "Badalona ESP"]
[Date "2017.08.02"]
[Round "1.8"]
[White "Diez Fraile, David"]
[Black "Riu Lopez, Daniel"]
[Result "0-1"]
[WhiteElo "2103"]
[BlackElo "2046"]
[PlyCount "90"]
[EventDate "2017.08.02"]
[EventType "swiss"]
[EventRounds "9"]
[EventCountry "ESP"]
[SourceTitle "Ajedrez en Madrid"]
[Source "lmi"]
[SourceDate "2017.08.02"]
[SourceVersion "1"]
[SourceVersionDate "2018.07.18"]
[SourceQuality "1"]

1. d4 Nf6 2. Nf3 e6 3. c4 d5 4. Nc3 dxc4 5. e4 Bb4 6. Bg5 c5 7. Bxc4 cxd4 8.
Nxd4 Bxc3+ 9. bxc3 Qa5 10. Bxf6 Qxc3+ 11. Kf1 gxf6 12. Rc1 Qa5 13. h4 Ke7 14.
Rh3 Nc6 15. Nb5 Rd8 16. Rd3 a6 17. Rxd8 Qxd8 18. Qxd8+ Nxd8 19. Nd4 Bd7 20. Bb3
Nc6 21. Nxc6+ Bxc6 22. f3 Rd8 23. Ke2 Bb5+ 24. Ke1 Rd7 25. Rc8 Bd3 26. Rh8 f5
27. exf5 Bxf5 28. g4 Bb1 29. Rc8 b5 30. Ke2 a5 31. Rc1 Bd3+ 32. Ke3 a4 33. Bd1
f5 34. a3 Bc4 35. Bc2 Rc7 36. Bb1 Kf6 37. gxf5 exf5 38. Kf4 Rc5 39. Rc3 Rd5 40.
Bc2 Rd4+ 41. Kg3 h5 42. f4 Be6 43. Bd3 b4 44. axb4 Rxb4 45. Kf3 Rb3 0-1

[Event "43. Open Ciutat de Badalona 2017"]
[Site "Badalona ESP"]
[Date "2017.08.02"]
[Round "1.9"]
[White "Fernandez, Fernando"]
[Black "Anjali, R. Sagar"]
[Result "0-1"]
[WhiteElo "2455"]
[BlackElo "1813"]
[PlyCount "56"]
[EventDate "2017.08.02"]
[EventType "swiss"]
[EventRounds "9"]
[EventCountry "ESP"]
[SourceTitle "Ajedrez en Madrid"]
[Source "lmi"]
[SourceDate "2017.08.02"]
[SourceVersion "1"]
[SourceVersionDate "2018.07.18"]
[SourceQuality "1"]

1. d4 Nf6 2. c4 e5 3. dxe5 Ng4 4. Bf4 g5 5. Bg3 Bg7 6. Nf3 Nc6 7. Nc3 Ngxe5 8.
Nxe5 Nxe5 9. e3 d6 10. h4 g4 11. h5 O-O 12. Bh4 Bf6 13. Bxf6 Qxf6 14. Nd5 Qd8
15. Nf4 Be6 16. Qc2 Qg5 17. Be2 Rae8 18. Qc3 g3 19. f3 Bxc4 20. Bxc4 Nxc4 21.
Qxc4 Rxe3+ 22. Kf1 Rfe8 23. Nd5 R3e5 24. f4 Qf5 25. Rd1 c6 26. Nc3 Re4 27. Nxe4
Qxf4+ 28. Kg1 Rxe4 0-1

[Event "43. Open Ciutat de Badalona 2017"]
[Site "Badalona ESP"]
[Date "2017.08.02"]
[Round "1.10"]
[White "Rohith, Krishna S"]
[Black "Rios, Cristhian Camilo"]
[Result "0-1"]
[WhiteElo "2095"]
[BlackElo "2475"]
[PlyCount "118"]
[EventDate "2017.08.02"]
[EventType "swiss"]
[EventRounds "9"]
[EventCountry "ESP"]
[SourceTitle "Ajedrez en Madrid"]
[Source "lmi"]
[SourceDate "2017.08.02"]
[SourceVersion "1"]
[SourceVersionDate "2018.07.18"]
[SourceQuality "1"]

1. d4 f5 2. c4 Nf6 3. Nc3 d6 4. Nf3 g6 5. g3 Bg7 6. Bg2 O-O 7. O-O a5 8. b3 c6
9. Bb2 Na6 10. Re1 Kh8 11. e4 fxe4 12. Nxe4 Nxe4 13. Rxe4 Bf5 14. Re3 Qd7 15.
Qe2 Rae8 16. Re1 Nb4 17. d5 cxd5 18. Bxg7+ Kxg7 19. a3 Nc2 20. Rxe7+ Rxe7 21.
Qxe7+ Rf7 22. Qxd7 Rxd7 23. Rc1 dxc4 24. bxc4 Nxa3 25. Nd4 Rc7 26. Rc3 Nxc4 27.
Nb5 Re7 28. h3 Be6 29. Rd3 a4 30. g4 Bf7 31. Kh2 Re5 32. Nxd6 Nxd6 33. Rxd6 a3
34. Bxb7 Re1 35. Rd7 Kf8 36. Bc6 Be6 37. Rd8+ Ke7 38. Re8+ Kd6 39. Bd5 Kxd5 40.
Ra8 Ra1 41. f4 a2 42. Kg2 Kd4 43. Ra4+ Bc4 44. f5 Re1 45. f6 a1=Q 46. Rxa1 Rxa1
47. g5 Ke3 48. h4 Kf4 49. Kf2 Ra2+ 50. Ke1 Rc2 51. Kd1 Bb3 52. f7 Ra2+ 53. Ke1
Bxf7 54. h5 gxh5 55. g6 hxg6 56. Kd1 h4 57. Kc1 h3 58. Kb1 h2 59. Kc1 h1=Q# 0-1

[Event "43. Open Ciutat de Badalona 2017"]
[Site "Badalona ESP"]
[Date "2017.08.03"]
[Round "2.1"]
[White "Mouhamad, Joachin"]
[Black "Grigoryan, Karen H."]
[Result "1/2-1/2"]
[WhiteElo "2295"]
[BlackElo "2570"]
[PlyCount "85"]
[EventDate "2017.08.02"]
[EventType "swiss"]
[EventRounds "9"]
[EventCountry "ESP"]
[SourceTitle "Ajedrez en Madrid"]
[Source "lmi"]
[SourceDate "2017.08.02"]
[SourceVersion "1"]
[SourceVersionDate "2018.07.18"]
[SourceQuality "1"]

1. e4 e5 2. Nf3 Nc6 3. Bb5 a6 4. Ba4 Nf6 5. O-O Be7 6. Re1 b5 7. Bb3 d6 8. c3
O-O 9. d4 Bg4 10. d5 Na5 11. Bc2 c6 12. h3 Bc8 13. dxc6 Qc7 14. Nbd2 Qxc6 15.
Nf1 Nc4 16. b3 Nb6 17. Bd2 Re8 18. Bd3 Bb7 19. Ng3 Rad8 20. Qe2 h6 21. Rac1 Bf8
22. c4 bxc4 23. bxc4 Na4 24. Nh2 Nc5 25. Rc3 d5 26. cxd5 Nxd5 27. Rxc5 Bxc5 28.
exd5 Qxd5 29. Ne4 Qxd3 30. Nxc5 Qxd2 31. Qxd2 Rxd2 32. Nxb7 Rxa2 33. Ng4 f6 34.
Rc1 Re7 35. Nd6 Re6 36. Rc8+ Kh7 37. Nf5 h5 38. Nge3 g6 39. Rc7+ Kh8 40. Rc8+
Kh7 41. Rc7+ Kh8 42. Rc8+ Kh7 43. Rc7+ 1/2-1/2

[Event "43. Open Ciutat de Badalona 2017"]
[Site "Badalona ESP"]
[Date "2017.08.03"]
[Round "2.2"]
[White "Ortiz Suarez, Isan Reynaldo"]
[Black "Akash Pc, Iyer"]
[Result "1/2-1/2"]
[WhiteElo "2556"]
[BlackElo "2304"]
[PlyCount "58"]
[EventDate "2017.08.02"]
[EventType "swiss"]
[EventRounds "9"]
[EventCountry "ESP"]
[SourceTitle "Ajedrez en Madrid"]
[Source "lmi"]
[SourceDate "2017.08.02"]
[SourceVersion "1"]
[SourceVersionDate "2018.07.18"]
[SourceQuality "1"]

1. e4 e5 2. Nf3 Nc6 3. Bc4 Bc5 4. O-O d6 5. c3 Nf6 6. d3 Bb6 7. a4 a6 8. Na3
Ne7 9. Bg5 Ng6 10. Nh4 Nf4 11. Nf5 O-O 12. Qf3 d5 13. Bb3 Be6 14. Bc2 c6 15.
Bxf4 exf4 16. Qxf4 g6 17. Ng3 Bc7 18. Qg5 h6 19. Qd2 dxe4 20. d4 Ng4 21. Bxe4
Qh4 22. h3 Nxf2 23. Qxf2 Bxg3 24. Qc2 Kg7 25. Bd3 Rae8 26. Bc4 Bf5 27. Bd3 Be6
28. Bc4 Bf5 29. Bd3 Be6 1/2-1/2

[Event "43. Open Ciutat de Badalona 2017"]
[Site "Badalona ESP"]
[Date "2017.08.03"]
[Round "2.3"]
[White "Deshmukh, Anup M."]
[Black "Peralta, Fernando"]
[Result "0-1"]
[WhiteElo "2260"]
[BlackElo "2540"]
[PlyCount "52"]
[EventDate "2017.08.02"]
[EventType "swiss"]
[EventRounds "9"]
[EventCountry "ESP"]
[SourceTitle "Ajedrez en Madrid"]
[Source "lmi"]
[SourceDate "2017.08.02"]
[SourceVersion "1"]
[SourceVersionDate "2018.07.18"]
[SourceQuality "1"]

1. d4 e6 2. c4 Nf6 3. Nc3 Bb4 4. a3 Bxc3+ 5. bxc3 c5 6. f3 Nc6 7. d5 Ne5 8. e4
d6 9. Bg5 h6 10. Bh4 O-O 11. Ra2 b5 12. Rd2 exd5 13. cxd5 Ng6 14. Bf2 Qa5 15.
Qb3 Nh5 16. g4 Nhf4 17. Be3 Bd7 18. h4 h5 19. Kf2 Qd8 20. c4 bxc4 21. Bxc4 hxg4
22. fxg4 Qf6 23. g5 Nd3+ 24. Ke2 Nc1+ 25. Kd1 Qa1 26. Qc2 Bg4+ 0-1

[Event "43. Open Ciutat de Badalona 2017"]
[Site "Badalona ESP"]
[Date "2017.08.03"]
[Round "2.4"]
[White "Krysa, Leandro"]
[Black "Matta, Vinay Kumar"]
[Result "1-0"]
[WhiteElo "2537"]
[BlackElo "2293"]
[PlyCount "51"]
[EventDate "2017.08.02"]
[EventType "swiss"]
[EventRounds "9"]
[EventCountry "ESP"]
[SourceTitle "Ajedrez en Madrid"]
[Source "lmi"]
[SourceDate "2017.08.02"]
[SourceVersion "1"]
[SourceVersionDate "2018.07.18"]
[SourceQuality "1"]

1. d4 Nf6 2. c4 g6 3. Nc3 Bg7 4. e4 d6 5. Be2 O-O 6. Bg5 c5 7. dxc5 dxc5 8. e5
Nfd7 9. f4 f6 10. exf6 exf6 11. Bh4 Qa5 12. Bf3 Nb6 13. Nge2 Nc6 14. O-O Be6
15. b3 Rad8 16. Qe1 Rde8 17. Nb5 Qxe1 18. Raxe1 Re7 19. Bf2 Nd7 20. Nec3 Rb8
21. Rxe6 Rxe6 22. Bd5 Nd8 23. Nc7 Nf8 24. Re1 Kf7 25. Bxc5 Rc8 26. N3b5 1-0

[Event "43. Open Ciutat de Badalona 2017"]
[Site "Badalona ESP"]
[Date "2017.08.03"]
[Round "2.5"]
[White "Srijit, Paul"]
[Black "Albo Ruiz, Jose Martin"]
[Result "0-1"]
[WhiteElo "2255"]
[BlackElo "1884"]
[PlyCount "86"]
[EventDate "2017.08.02"]
[EventType "swiss"]
[EventRounds "9"]
[EventCountry "ESP"]
[SourceTitle "Ajedrez en Madrid"]
[Source "lmi"]
[SourceDate "2017.08.02"]
[SourceVersion "1"]
[SourceVersionDate "2018.07.18"]
[SourceQuality "1"]

1. e4 e5 2. Nf3 Nc6 3. Bc4 Nf6 4. d3 Be7 5. O-O O-O 6. a4 d5 7. exd5 Nxd5 8. h3
Nb6 9. Bb3 Nd4 10. Nxd4 exd4 11. Nd2 c6 12. Qf3 Kh8 13. a5 Nd7 14. Nc4 Nc5 15.
Ba2 Be6 16. Ne5 Bxa2 17. Rxa2 f6 18. Nc4 Qd7 19. Bd2 Na6 20. Raa1 Bb4 21. Rfe1
Bxd2 22. Nxd2 Nb4 23. Rac1 Na2 24. Ra1 Nb4 25. Rac1 Rae8 26. Rxe8 Rxe8 27. Nb3
Qd6 28. g3 h6 29. Qh5 Re5 30. Qg4 Nxc2 31. Nd2 f5 32. Qh5 f4 33. Qf7 fxg3 34.
Rxc2 gxf2+ 35. Kxf2 Re7 36. Qf8+ Kh7 37. Qf3 Qg6 38. Qd1 Qxd3 39. Rc1 Qe3+ 40.
Kg2 Re6 41. Nf3 Rg6+ 42. Kh1 Rg3 43. a6 Rxf3 0-1

[Event "43. Open Ciutat de Badalona 2017"]
[Site "Badalona ESP"]
[Date "2017.08.03"]
[Round "2.8"]
[White "Rios, Cristhian Camilo"]
[Black "Abhishek, Das"]
[Result "0-1"]
[WhiteElo "2475"]
[BlackElo "2314"]
[PlyCount "72"]
[EventDate "2017.08.02"]
[EventType "swiss"]
[EventRounds "9"]
[EventCountry "ESP"]
[SourceTitle "Ajedrez en Madrid"]
[Source "lmi"]
[SourceDate "2017.08.02"]
[SourceVersion "1"]
[SourceVersionDate "2018.07.18"]
[SourceQuality "1"]

1. d4 Nf6 2. c4 e6 3. Nc3 Bb4 4. Qc2 d5 5. cxd5 Qxd5 6. Nf3 Qf5 7. Qb3 Nc6 8.
Bd2 a5 9. e3 O-O 10. Nb5 Bxd2+ 11. Nxd2 Nb4 12. Rc1 Bd7 13. Rc5 Qg6 14. Nxc7 b6
15. Rc4 Rac8 16. a3 Nbd5 17. Nxd5 exd5 18. Rc3 Ne4 19. Nxe4 Qxe4 20. Qd1 Rxc3
21. bxc3 Rc8 22. Kd2 b5 23. Qb3 b4 24. axb4 axb4 25. Qxb4 Ra8 26. Qb2 Qh4 27.
Kc1 Bf5 28. g3 Qe4 29. Rg1 Ra1+ 30. Kd2 Rb1 31. Qa2 h5 32. f3 Qe7 33. Qa8+ Kh7
34. g4 Rb2+ 35. Kc1 Rc2+ 36. Kb1 Qxe3 0-1

[Event "43. Open Ciutat de Badalona 2017"]
[Site "Badalona ESP"]
[Date "2017.08.03"]
[Round "2.9"]
[White "Gomez Jurado, Luis Alberto"]
[Black "Narciso Dublan, Marc"]
[Result "1/2-1/2"]
[WhiteElo "2246"]
[BlackElo "2467"]
[PlyCount "61"]
[EventDate "2017.08.02"]
[EventType "swiss"]
[EventRounds "9"]
[EventCountry "ESP"]
[SourceTitle "Ajedrez en Madrid"]
[Source "lmi"]
[SourceDate "2017.08.02"]
[SourceVersion "1"]
[SourceVersionDate "2018.07.18"]
[SourceQuality "1"]

1. c4 e5 2. Nc3 Bb4 3. g3 Bxc3 4. bxc3 d6 5. Bg2 Ne7 6. Rb1 Nbc6 7. d3 O-O 8.
Nf3 b6 9. O-O h6 10. e4 Be6 11. h3 Qd7 12. Kh2 f5 13. exf5 Bxf5 14. Ng1 Rf7 15.
f4 exf4 16. Bxf4 Raf8 17. Rb2 g5 18. Bc1 Ne5 19. Rd2 Qe6 20. Re1 Qg6 21. d4 Nd3
22. g4 Nxe1 23. gxf5 Nxf5 24. Qxe1 Re7 25. Re2 Rxe2 26. Qxe2 Nh4 27. Bd5+ Kh8
28. Be3 Qe8 29. Qd3 c6 30. Be4 Rf6 31. Bg2 1/2-1/2

[Event "43. Open Ciutat de Badalona 2017"]
[Site "Badalona ESP"]
[Date "2017.08.03"]
[Round "2.10"]
[White "Corominas Garrido, Jordi"]
[Black "Mateus, Alejandro"]
[Result "1-0"]
[WhiteElo "1848"]
[BlackElo "2245"]
[PlyCount "77"]
[EventDate "2017.08.02"]
[EventType "swiss"]
[EventRounds "9"]
[EventCountry "ESP"]
[SourceTitle "Ajedrez en Madrid"]
[Source "lmi"]
[SourceDate "2017.08.02"]
[SourceVersion "1"]
[SourceVersionDate "2018.07.18"]
[SourceQuality "1"]

1. e4 c5 2. Nf3 d6 3. d4 cxd4 4. Nxd4 Nf6 5. Nc3 a6 6. Bg5 e6 7. f4 Qc7 8. Qe2
Nc6 9. O-O-O Bd7 10. Nxc6 bxc6 11. Qe3 Be7 12. e5 dxe5 13. fxe5 Ng4 14. Qd2
Bxg5 15. Qxg5 Nf2 16. Qxg7 O-O-O 17. Qxf7 Nxh1 18. Bxa6+ Kb8 19. Rxh1 Qxe5 20.
Qe7 Bc8 21. Qb4+ Ka7 22. Bxc8 Rxc8 23. Qa3+ Kb8 24. Qb4+ Ka7 25. Ne4 Rhf8 26.
Rd1 Qf4+ 27. Kb1 Qf1 28. Qd4+ Ka8 29. b3 Qa6 30. Nc5 Qb5 31. a4 Qb6 32. Qc4
Rcd8 33. Re1 Rd5 34. Nxe6 Rff5 35. Qc3 Qb7 36. g4 Rf7 37. Nc5 Qc7 38. Re8+ Ka7
39. Ne6 1-0

[Event "43. Open Ciutat de Badalona 2017"]
[Site "Badalona ESP"]
[Date "2017.08.04"]
[Round "3.1"]
[White "Peralta, Fernando"]
[Black "Panelo, Marcelo"]
[Result "1-0"]
[WhiteElo "2540"]
[BlackElo "2386"]
[PlyCount "57"]
[EventDate "2017.08.02"]
[EventType "swiss"]
[EventRounds "9"]
[EventCountry "ESP"]
[SourceTitle "Ajedrez en Madrid"]
[Source "lmi"]
[SourceDate "2017.08.02"]
[SourceVersion "1"]
[SourceVersionDate "2018.07.18"]
[SourceQuality "1"]

1. d4 Nf6 2. c4 e6 3. Nc3 Bb4 4. e3 O-O 5. Nge2 d5 6. a3 Be7 7. cxd5 exd5 8.
Nf4 Re8 9. Bd3 Bd6 10. O-O Bxf4 11. exf4 Nc6 12. Be3 Ne7 13. Qc2 g6 14. f3 h5
15. Qd2 c6 16. Bf2 Bf5 17. Be2 Be6 18. h3 Nf5 19. g4 Ng7 20. Bh4 Ne4 21. Qe1 g5
22. fxe4 gxh4 23. f5 Bc8 24. f6 dxe4 25. Rd1 hxg4 26. Qxh4 Qd6 27. fxg7 Kxg7
28. Rxf7+ Kxf7 29. Qh7+ 1-0

[Event "43. Open Ciutat de Badalona 2017"]
[Site "Badalona ESP"]
[Date "2017.08.04"]
[Round "3.3"]
[White "Albo Ruiz, Jose Martin"]
[Black "Arjun, Kalyan"]
[Result "1/2-1/2"]
[WhiteElo "1884"]
[BlackElo "2366"]
[PlyCount "86"]
[EventDate "2017.08.02"]
[EventType "swiss"]
[EventRounds "9"]
[EventCountry "ESP"]
[SourceTitle "Ajedrez en Madrid"]
[Source "lmi"]
[SourceDate "2017.08.02"]
[SourceVersion "1"]
[SourceVersionDate "2018.07.18"]
[SourceQuality "1"]

1. e4 e5 2. Nf3 Nc6 3. Bc4 Bc5 4. c3 Nf6 5. d3 O-O 6. O-O d5 7. exd5 Nxd5 8. b4
Be7 9. b5 Na5 10. Bxd5 Qxd5 11. c4 Qd8 12. Bd2 b6 13. Nxe5 Bf6 14. Bxa5 bxa5
15. d4 a6 16. a4 axb5 17. axb5 Bb7 18. f4 Qe7 19. Nc3 Rfd8 20. Ne2 g6 21. Qb3
Bg7 22. Qa3 Qe8 23. Rf2 Bf8 24. Qc3 f6 25. Ng4 Bg7 26. d5 Qe7 27. f5 Re8 28. h3
gxf5 29. Nh2 Qc5 30. Qd4 Bf8 31. Kf1 Re4 32. Qxc5 Bxc5 33. Rxf5 Rxc4 34. Ng4
Be7 35. Re1 Bc8 36. Nxf6+ Bxf6 37. Rxf6 Bd7 38. Rb1 Rf8 39. Rxf8+ Kxf8 40. b6
cxb6 41. Rxb6 a4 42. Ra6 Bb5 43. Ra5 Rb4 1/2-1/2

[Event "43. Open Ciutat de Badalona 2017"]
[Site "Badalona ESP"]
[Date "2017.08.04"]
[Round "3.4"]
[White "Grafl, Florian"]
[Black "Minguell Soler, Joan"]
[Result "1/2-1/2"]
[WhiteElo "2364"]
[BlackElo "1987"]
[PlyCount "49"]
[EventDate "2017.08.02"]
[EventType "swiss"]
[EventRounds "9"]
[EventCountry "ESP"]
[SourceTitle "Ajedrez en Madrid"]
[Source "lmi"]
[SourceDate "2017.08.02"]
[SourceVersion "1"]
[SourceVersionDate "2018.07.18"]
[SourceQuality "1"]

1. Nc3 d5 2. e4 d4 3. Nce2 e5 4. Ng3 Be6 5. Nf3 Bd6 6. c3 c5 7. Bb5+ Kf8 8. b4
dxc3 9. dxc3 cxb4 10. Ng5 Nf6 11. O-O Qc7 12. cxb4 Nc6 13. Bxc6 bxc6 14. Nxe6+
fxe6 15. Nh5 Rd8 16. Nxf6 gxf6 17. Bh6+ Ke7 18. Qh5 Rhg8 19. a3 Rg6 20. Be3 Kf8
21. Rfd1 Kg8 22. Qh3 Re8 23. Bxa7 f5 24. Bc5 Bxc5 25. bxc5 1/2-1/2

[Event "43. Open Ciutat de Badalona 2017"]
[Site "Badalona ESP"]
[Date "2017.08.04"]
[Round "3.5"]
[White "Chueca Forcen, Alberto"]
[Black "Riu Lopez, Daniel"]
[Result "0-1"]
[WhiteElo "2361"]
[BlackElo "2046"]
[PlyCount "108"]
[EventDate "2017.08.02"]
[EventType "swiss"]
[EventRounds "9"]
[EventCountry "ESP"]
[SourceTitle "Ajedrez en Madrid"]
[Source "lmi"]
[SourceDate "2017.08.02"]
[SourceVersion "1"]
[SourceVersionDate "2018.07.18"]
[SourceQuality "1"]

1. d4 Nf6 2. Bg5 Ne4 3. Bf4 d5 4. f3 Nf6 5. Nc3 e6 6. Qd2 a6 7. g4 c5 8. e3 Nc6
9. Nge2 b5 10. h4 Bb7 11. Bg2 Nd7 12. Bg3 Be7 13. f4 cxd4 14. Nxd4 Nxd4 15.
exd4 Rc8 16. Qf2 b4 17. Nd1 Qb6 18. g5 f5 19. Qd2 Qc7 20. Ne3 Nb6 21. O-O h6
22. Rae1 hxg5 23. hxg5 Kf7 24. Qe2 Qd7 25. Ng4 Bd6 26. g6+ Kf8 27. Ne5 Bxe5 28.
fxe5 Qe8 29. Qd2 a5 30. Qg5 Rh6 31. Re3 Rxg6 32. Qf4 Rxc2 33. Bh3 Kg8 34. Ref3
Rh6 35. Bxf5 exf5 36. Qxf5 Rc8 37. Qg5 Qh5 38. Qe7 Rc2 39. Qf7+ Qxf7 40. Rxf7
Ba6 41. R1f3 Be2 42. Rf8+ Kh7 43. Rf2 Rc1+ 44. Kg2 Bd3 45. R2f7 Be4+ 46. Kf2
Rc2+ 47. Ke3 Nc4+ 48. Kf4 Rc1 49. e6 Rf1+ 50. Kg4 Rg6+ 51. Kh5 Rh1+ 52. Bh4 Rg2
53. Rf6 Bf3+ 54. Rxf3 g6# 0-1

[Event "43. Open Ciutat de Badalona 2017"]
[Site "Badalona ESP"]
[Date "2017.08.04"]
[Round "3.6"]
[White "Cruz, Filemon"]
[Black "Corominas Garrido, Jordi"]
[Result "1/2-1/2"]
[WhiteElo "2344"]
[BlackElo "1848"]
[PlyCount "31"]
[EventDate "2017.08.02"]
[EventType "swiss"]
[EventRounds "9"]
[EventCountry "ESP"]
[SourceTitle "Ajedrez en Madrid"]
[Source "lmi"]
[SourceDate "2017.08.02"]
[SourceVersion "1"]
[SourceVersionDate "2018.07.18"]
[SourceQuality "1"]

1. e4 c5 2. c3 Nf6 3. e5 Nd5 4. d4 cxd4 5. Nf3 Nc6 6. Bc4 Nb6 7. Bb3 g6 8. cxd4
Bg7 9. O-O O-O 10. Bf4 d6 11. exd6 exd6 12. h3 Bf5 13. Nc3 Na5 14. Re1 Nxb3 15.
Qxb3 Qd7 16. a4 1/2-1/2